LEADER 02629nam 22005291 450 001 9910476893603321 005 20251019235431.0 010 $a90-04-44471-8 024 7 $a10.1163/9789004444713 035 $a(CKB)4100000011612216 035 $a(MiAaPQ)EBC6402763 035 $a(nllekb)BRILL9789004444713 035 $a(oapen)https://directory.doabooks.org/handle/20.500.12854/68071 035 $a(oapen)doab68071 035 $a(EXLCZ)994100000011612216 100 $a20201130d2020 uy 0 101 0 $aeng 135 $aurun| uuuua 181 $ctxt$2rdacontent 182 $cc$2rdamedia 183 $2rdacarrier 200 10$aImplementing International Watercourses Law through the WEF Nexus and SDGs $eAn Integrated Approach Illustrated in the Zambezi River Basin /$fZeray Yihdego, Julie Gibson 210 $cBrill$d2020 210 1$aLeiden; $aBoston :$cBRILL, $d2020. 215 $a1 online resource 225 1 $aBrill Research Perspectives 311 08$a90-04-44470-X 320 $aIncludes bibliographical references and index. 330 $a"Implementing International Watercourses Law through the WEF and SDGs: An Integrated Approach Illustrated in the Zambezi River Basin offers an innovative approach to the governance of shared watercourses and the implementation of international water law through the Law, Nexus and Goals (LNG) approach. By looking at policy frameworks such as the WEF nexus and global development agendas such as the SDGs, the monograph provides a method of integration for holistic water governance. In order to demonstrate this approach, a case study of the Zambezi River Basin is used, through which the monograph not only exemplifies the approach taken, but also provides a detailed account of the legal and policy frameworks within the basin"--$cProvided by publisher. 410 0$aBrill Research Perspectives. 517 3 $aAn Integrated Approach Illustrated in the Zambezi River Basin 606 $aRiver channels$xLaw and legislation 606 $aRiver channels$xGovernment policy 606 $aWater security$xLaw and legislation 607 $aZambezi River Watershed$xInternational status 615 0$aRiver channels$xLaw and legislation. 615 0$aRiver channels$xGovernment policy. 615 0$aWater security$xLaw and legislation. 676 $a341 700 $aYihdego$b Zeray$0943867 702 $aGibson$b Julie 801 0$bNL-LeKB 801 1$bNL-LeKB 906 $aBOOK 912 $a9910476893603321 996 $aImplementing International Watercourses Law through the WEF Nexus and SDGs$92965406 997 $aUNINA